Statistics for Fill in all the lyrics to a random Taylor Swift song with no hints

Click here to take the quiz!

General Stats

  • This quiz has been taken 49 times
  • The average score is 128 of 215

Answer Stats

% Correct
I
100%
a
98%
you
98%
the
93%
the
93%
And
88%
and
88%
love
88%
Love
88%
is
84%
me
84%
to
84%
can
81%
be
79%
we
79%
no
74%
your
74%
Your
74%
in
72%
on
72%
my
70%
Then
70%
can't
67%
have
67%
for
65%
so
65%
like
63%
that
63%
there
63%
Are
60%
will
60%
But
58%
Moon
58%
too
58%
was
58%
why
58%
at
56%
should
56%
won't
56%
heart
53%
tell
53%
got
51%
just
51%
With
51%
with
51%
been
47%
Our
47%
Saturn
47%
think
47%
Or
44%
song
44%
still
44%
come
42%
face
42%
hide
42%
I've
42%
long
42%
seven
42%
though
42%
down
40%
house
40%
must
40%
other
40%
Please
40%
tea
40%
time
40%
always
37%
over
37%
haunted
37%
mad
37%
pattern
37%
summer
37%
closet
35%
Cross
35%
cry
35%
dad
35%
We'll
35%
folk
35%
hit
35%
lasts
35%
meaning
35%
peak
35%
Pennsylvania
35%
picture
35%
songs
35%
Sweet
35%
trees
35%
forever
33%
live
33%
Passed
33%
passed
33%
pirates
33%
scared
33%
sky
33%
swing
33%
things
33%
under
33%
used
33%
beautiful
30%
Before
30%
braids
30%
high
30%
move
30%
recall
30%
wanted
30%
Any
28%
dolls
28%
Feet
28%
India
28%
jump
28%
scream
28%
sweater
28%
civility
26%
creek
26%
learned
26%
Pack
26%
ferociously
21%
weeds
19%

Score Distribution

Percentile by Number Answered

Percent of People with Each Score

Your Score History

You have not taken this quiz